Statistics for The 2019 Hong Kong Protests Quiz (2)

Click here to take the quiz!

General Stats

  • This quiz has been taken 22 times
  • The average score is 11 of 27

Answer Stats

Answer% Correct
Targets of vandalismMTR railway stations
89%
On 20 October, police briefly fired water cannons at this religious buildingThe Kowloon Mosque
74%
For certain days, citizens holding this type of British passport protested outside the British consulateBritish National (Overseas) passport
68%
Targets of vandalismChinese-based banks (e.g. Bank of China)
63%
A rally on 28 September marked the fifth anniversary of this 2014 movementUmbrella Movement
63%
On Mid-Autumn Festival, a human chain was held on the peak of this iconic hill in KowloonLion Rock
58%
On 4 October, Carrie Lam implemented a law which would ban this practice during demonstrationsFace masking
53%
The composer of the new protest anthem Glory to Hong Kong (pseudonym)Thomas dgx yhl
53%
The bear that President Xi is afraid ofWinnie the Pooh
53%
On 29 September, a journalist of this nationality had her eye blinded by a rubber bulletIndonesian
47%
"Fire magic"Petrol bombs
47%
This game company penalized an esports athlete for shouting a protest slogan on livestreamBlizzard Entertainment
42%
This square was closed due to masquerade protests on HalloweenLan Kwai Fong
42%
On the same date, the first protester being shot had his wound that close to his heart3 cm (1.18 inches)
37%
This WWII event is often compared to the evacuation of protesters from the airport on 1 SeptemberDunkirk evacuation
37%
This act was passed by the American House of Representatives on 16 OctoberHong Kong Human Rights and Democracy Act
37%
Targets of vandalismPro-government firms (e.g. Maxim's, Yoshinoya)
37%
This satirical animated sitcom issued a sarcastic 'Letter of Apology' after its ban in ChinaSouth Park
37%
Netizens made fun of a pro-Beijing artist and condemned police by parodying this pop song by SiaChandelier
26%
The manager of this NBA basketball team tweeted a protest sloganHouston Rockets
26%
The pro-Beijing artist aforementionedMaria Cordero
26%
On 1 October, originally the Chinese National Day, was called a national day of ________ by protestorsMourning
21%
A belief to pressurize the government by crashing Hong Kong's economyMutual Destruction
21%
This law was used once only in Hong Kong history during this event in the colonial era1967 Riots
16%
On which date did Chief Executive Carrie Lam hold a public dialogue?26 September
5%
A practice where protesters confront pro-government assailants without seeking help from policeVigilantism
5%
The sixth core demand (a de facto upgrade of one of the original five demands)Dissolution and reorganization of the police force
0%

Score Distribution

Percentile by Number Answered

Percent of People with Each Score

Your Score History

You have not taken this quiz